<?xml version="1.0" encoding="UTF-8"?>
<collection xmlns="http://www.loc.gov/MARC21/slim">
<record>
  <controlfield tag="001">171008</controlfield>
  <controlfield tag="005">20260430151736.0</controlfield>
  <datafield tag="024" ind1="7" ind2=" ">
    <subfield code="2">doi</subfield>
    <subfield code="a">10.22409/1984-0292/2025/V37/65992</subfield>
  </datafield>
  <datafield tag="024" ind1="8" ind2=" ">
    <subfield code="2">sideral</subfield>
    <subfield code="a">149093</subfield>
  </datafield>
  <datafield tag="037" ind1=" " ind2=" ">
    <subfield code="a">ART-2025-149093</subfield>
  </datafield>
  <datafield tag="041" ind1=" " ind2=" ">
    <subfield code="a">spa</subfield>
  </datafield>
  <datafield tag="100" ind1=" " ind2=" ">
    <subfield code="a">Jordana Lluch, Ester</subfield>
    <subfield code="u">Universidad de Zaragoza</subfield>
    <subfield code="0">(orcid)0000-0003-1185-8064</subfield>
  </datafield>
  <datafield tag="245" ind1=" " ind2=" ">
    <subfield code="a">Gobernar una emergencia: una revisión crítica del análisis agambeniano de la pandemia</subfield>
  </datafield>
  <datafield tag="260" ind1=" " ind2=" ">
    <subfield code="c">2025</subfield>
  </datafield>
  <datafield tag="520" ind1="3" ind2=" ">
    <subfield code="a">A lo largo de la pandemia generada por el coronavirus, el pensador italiano Giorgio Agamben se erigió como una de las voces más críticas con las medidas implementadas por los gobiernos occidentales para gestionarla. Nuestro objetivo es efectuar un análisis de las políticas desplegadas durante la pandemia en clave foucaultiana que nos permite vislumbrar la necesidad de nuevos análisis para pensar nuestro presente. En primer lugar, examinamos los análisis agambeninanos en torno al estado de excepción subrayando la necesidad de pensar cómo las emergencias introducen todo un conjunto de transformaciones en las relaciones entre ley y orden. En segundo lugar, exponemos los postulados del autor en torno a la figura del untore como figura de contagio. Establecemos cómo el gobierno de las emergencias permite establecer una continuidad entre fenómenos al concebirlos políticamente como fenómenos emergentes que deben ser monitorizados. En tercer lugar, retomamos la noción de la nuda vida que, para Agamben, permitía situar el campo de concentración como paradigma de la gubernamentalidad biopolítica, postulando que es una figura inadecuada para analizar el conflicto entre «hacer vivir» y «dejar morir» que, durante la pandemia, generó un intenso debate en torno a la cuestión del triaje.</subfield>
  </datafield>
  <datafield tag="506" ind1="0" ind2=" ">
    <subfield code="a">Access copy available to the general public</subfield>
    <subfield code="f">Unrestricted</subfield>
  </datafield>
  <datafield tag="536" ind1=" " ind2=" ">
    <subfield code="9">info:eu-repo/grantAgreement/ES/MICINN/PID2020-113413RB-C31</subfield>
    <subfield code="9">info:eu-repo/grantAgreement/ES/MICINN/PID2023-146898NB-I00</subfield>
  </datafield>
  <datafield tag="540" ind1=" " ind2=" ">
    <subfield code="9">info:eu-repo/semantics/openAccess</subfield>
    <subfield code="a">by</subfield>
    <subfield code="u">https://creativecommons.org/licenses/by/4.0/deed.es</subfield>
  </datafield>
  <datafield tag="655" ind1=" " ind2="4">
    <subfield code="a">info:eu-repo/semantics/article</subfield>
    <subfield code="v">info:eu-repo/semantics/publishedVersion</subfield>
  </datafield>
  <datafield tag="710" ind1="2" ind2=" ">
    <subfield code="1">5012</subfield>
    <subfield code="2">375</subfield>
    <subfield code="a">Universidad de Zaragoza</subfield>
    <subfield code="b">Unidad Predepartam. Filosofía</subfield>
    <subfield code="c">Área Filosofía</subfield>
  </datafield>
  <datafield tag="773" ind1=" " ind2=" ">
    <subfield code="g">37 (2025), e65992 [10 pp.]</subfield>
    <subfield code="p">Fractal (Niterói)</subfield>
    <subfield code="t">Fractal (Niterói)</subfield>
    <subfield code="x">1984-0292</subfield>
  </datafield>
  <datafield tag="856" ind1="4" ind2=" ">
    <subfield code="s">304687</subfield>
    <subfield code="u">http://zaguan.unizar.es/record/171008/files/texto_completo.pdf</subfield>
    <subfield code="y">Versión publicada</subfield>
  </datafield>
  <datafield tag="856" ind1="4" ind2=" ">
    <subfield code="s">3380220</subfield>
    <subfield code="u">http://zaguan.unizar.es/record/171008/files/texto_completo.jpg?subformat=icon</subfield>
    <subfield code="x">icon</subfield>
    <subfield code="y">Versión publicada</subfield>
  </datafield>
  <datafield tag="909" ind1="C" ind2="O">
    <subfield code="o">oai:zaguan.unizar.es:171008</subfield>
    <subfield code="p">articulos</subfield>
    <subfield code="p">driver</subfield>
  </datafield>
  <datafield tag="951" ind1=" " ind2=" ">
    <subfield code="a">2026-04-30-13:58:55</subfield>
  </datafield>
  <datafield tag="980" ind1=" " ind2=" ">
    <subfield code="a">ARTICLE</subfield>
  </datafield>
</record>
</collection>